Scottish Football: Celtic or Rangers? (Facts) - Statistics

General Stats
  • This quiz has been taken 84 times
  • The average score is 12 of 14
Answer Stats
Question Answer % Correct
They are from Glasgow. Both
95%
They are nicknamed "The Bhoys". Celtic
95%
Ibrox Stadium is their home ground. Rangers
95%
They play in predominantly white shorts. Both
89%
They have a team in the Scottish Women's Premier League. Both
89%
Their Manager in the 2022-23 season is Australian. Celtic
89%
They were managed by Alex Ferguson. Neither
89%
They were founded in 1872, being the older club. Rangers
89%
They won nine League titles in a row. Both
84%
They have won a European trophy. Both
79%
They have won more Scottish Cups. Celtic
79%
They have won more Scottish League titles. Rangers
79%
They have played every season in the top tier of the Scottish league. Celtic
68%
They have reached more European finals (5). Rangers
58%
No matching quizzes found
Score Distribution
Percent of People with Each Score
Percentile by Number Answered
Your Score History
You have not taken this quiz